| Поле | Инд. | ПП | Название | Значение |
|---|---|---|---|---|
| Тип записи | a | |||
| Библиографический уровень | m | |||
| 001 | Контрольный номер | 84135d31-8b2e-42fe-bfb3-a61c52d9947b | ||
| 005 | Дата корректировки | 20140703161910.5 | ||
| 008 | Кодируемые данные | 071206 | ||
| 020 | a | ISBN | 5-472-01573-1 | |
| c | Цена, тираж | 240.00 | ||
| 040 | a | Служба первич. каталог. | НБ ТвГУ | |
| 041 | a | Код языка текста | rus | |
| 080 | a | Индекс УДК | 330.4(075.8) | |
| 084 | a | Индекс другой классификации/Индекс ББК | У.в631.0я73-1 | |
| 090 | x | Авторский знак | Э40 | |
| a | Полочн. индекс | У.в631.0 | ||
| 245 | 10 | a | Заглавие | Экономико-математическое моделирование |
| b | Продолж. заглавия | учеб. для студентов, обучающихся по специальностям: "Финансы и кредит", "Бухгалтерский учет, анализ и аудит", "Мировая экономика" | ||
| c | Ответственность | [Абланская Л. В. и др.] ; под общ. ред. И. Н. Дрогобыцкого ; Финансовая акад. при Правительстве РФ | ||
| 250 | a | Основные сведения об издании | Изд. 2-е, стер. | |
| 260 | 0_ | a | Место издания | Москва |
| b | Издательство | Экзамен | ||
| c | Дата издания | 2006 | ||
| 300 | a | Объем | 797, [1] с. | |
| b | Иллюстрации/ тип воспроизводства | ил., табл. | ||
| 440 | a | Серия | Учебник для вузов | |
| 500 | a | Примечание | Авт. указаны на обороте тит. л. | |
| 504 | a | Библиография | Библиогр. в конце гл. | |
| 583 | a | Действие | Получение впервые 309 04.12.2007 | |
| k | Исполнитель действия | ООО "ТД Учкнига" | ||
| 650 | a | Основная рубрика | Экономика | |
| x | Основная подрубрика | Математические методы | ||
| x | Основная подрубрика | Математическое моделирование | ||
| x | Основная подрубрика | Учебники для вузов | ||
| 650 | a | Основная рубрика | Экономико-математические методы и модели | |
| 653 | a | Ключевые слова | Экономика | |
| a | Ключевые слова | Математические методы в экономике | ||
| a | Ключевые слова | Математическое моделирование | ||
| a | Ключевые слова | Экономико-математические модели | ||
| a | Ключевые слова | Экономико-математические методы | ||
| 700 | 1_ | a | Другие авторы | Абланская Л. В. |
| e | Роль лиц | авт. | ||
| 700 | 1_ | a | Другие авторы | Бабешко Л. О. |
| e | Роль лиц | авт. | ||
| 700 | 1_ | a | Другие авторы | Баусов Л. И. |
| e | Роль лиц | авт. | ||
| 700 | 1_ | a | Другие авторы | Бывшев В. А. |
| e | Роль лиц | авт. | ||
| 700 | 1_ | a | Другие авторы | Дрогобыцкий Иван Николаевич |
| e | Роль лиц | авт., ред. | ||
| 852 | t | Порядковый номер экземпляра | 3 | |
| p | Инвентарный номер | 890117 | ||
| p | Инвентарный номер | 890118 | ||
| p | Инвентарный номер | 890119 | ||
| 863 | t | 00203935 | ||
| 863 | t | 00203936 | ||
| 863 | t | 00203937 | ||
| 888 | a | За счет средств университета | ||
| 930 | a | Новая/Ретро | учебники | |
| 952 | p | 309.2007 240.00 1 890117 | ||
| p | 309.2007 240.00 1 890118 | |||
| p | 309.2007 240.00 1 890119 | |||
| c | Вид литературы | К ру | ||
| 954 | a | Дата поступления на обработку | 20071224 | |
| 999 | a | Подразделение 2 | Фил1 |